000
00224 a2200097 4500
001
24498
100
_a
Przemieniecki, J S
245
_a
Theory of Structural analysis
260
_a
_b
McGraw-Hill
_c
1968
090
_c
16551
_d
16551
942
_a
NUST-CAE
_c
M
_c
7282
999
_c
259571
_d
259571